Beiträge zur Kenntnis der Vegetation Westafrikas : aktuelle Forschungsprojekte deutscher Universitäten /

Saved in:
நூற்பட்டியல் விவரங்கள்
மற்ற எழுத்தாளர்கள்: Wittig, Rüdiger.
வடிவம்: புத்தகம்
மொழி:German
வெளியீடப்பட்டது: Solingen : Natur & Wissenschaft H. Hieronomus & J. Schmidt, 1992.
தொகுதி:Geobotanische Kolloquien ; Heft 8.
பகுதிகள்:
குறியீடுகள்: குறிச்சொல் இணை
குறியீடுகள் இல்லை, இந்த குறிச்சொல்லை முதலில் பதிவு செய்யுங்கள்!
LEADER 01172cam a2200361 a 4500
001 011982977-0
005 20090526122559.0
008 931220s1992 gw ab b 000 0 ger
010 |a  93245087  
020 |a 3927889075 
020 |a 9783927889071 
035 0 |a ocm29338633 
040 |a DNAL  |c DLC  |d AGL  |d OCLCQ 
041 0 |a ger  |b eng  |b fre 
042 |a lccopycat 
043 |a fw----- 
050 0 0 |a QK393  |b .B44 1992 
070 0 |a QK393.B44  |b 1992 
072 0 |a F000 
072 0 |a F700 
082 0 0 |a 581.966  |2 20 
245 0 0 |a Beiträge zur Kenntnis der Vegetation Westafrikas :  |b aktuelle Forschungsprojekte deutscher Universitäten /  |c herausgegeben von Rüdiger Wittig. 
260 |a Solingen :  |b Natur & Wissenschaft H. Hieronomus & J. Schmidt,  |c 1992. 
300 |a 96 p. :  |b ill., maps ;  |c 30 cm. 
490 1 |a Geobotanische Kolloquien,  |x 0940-6581 ;  |v 8 
500 |a Summaries in English and French. 
504 |a Includes bibliographical references. 
650 0 |a Plant ecology  |z Africa, West. 
650 0 |a Phytogeography  |z Africa, West. 
700 1 |a Wittig, Rüdiger. 
830 0 |a Geobotanische Kolloquien ;  |v Heft 8. 
988 |a 20090526 
906 |0 OCLC